Fotbalové ikony. Messi /

Uloženo v:
Série:Fotbalové ikony, část 3
Hlavní autor: Šimčíková, Lucie (Autor)
Další autoři: Stolypina, Anastasiia (Autor), Markytánová, Tereza (Ilustrátor)
Médium: Kniha
Jazyk:Czech
Vydáno: Praha : Slovart, 2026
Vydání:Vydání první
Témata:
Celkem bylo vypůjčeno:0x
Příbuzné jednotky:Z cyklu:: Fotbalové ikony
Tagy:
Žádné tagy
LEADER 02031nam a2200517 i 4500
001 106208
003 CZ PrSKC
005 20260428151550.0
007 ta
008 260415s2026 xr a b 6 000 0bcze d
020 |a 9788027613304  |q (brožováno) :  |c Kč 299.00 
040 |a KLG001  |b cze  |e rda 
041 1 |a cze  |h eng 
072 7 |a 796  |x Sport. Hry. Tělesná cvičení  |2 Konspekt  |9 20 
072 7 |a 0/9-053.2  |x Literatura pro děti a mládež (naučná)  |2 Konspekt  |9 26 
080 |a 796.332.071.2  |2 MRF 
080 |a 796.332  |2 MRF 
080 |a (82)  |2 MRF 
080 |a (092)741.52  |2 MRF 
080 |a (0.053.2)  |2 MRF 
100 1 |a Šimčíková, Lucie  |4 aut 
240 1 0 |a Messi.  |l Česky 
245 1 0 |a Fotbalové ikony.  |p Messi /  |c Lucie Šimčíková, Anastasiia Stolypina ; z anglického originálu Messi ... přeložila Tereza Markytánová 
246 3 0 |a Messi 
250 |a Vydání první 
264 1 |a Praha :  |b Slovart,  |c 2026 
300 |a 96 nečíslovaných stran :  |b barevné ilustrace ;  |c 26 cm 
336 |a text  |b txt  |2 rdacontent 
336 |a statický obraz  |b sti  |2 rdacontent 
337 |a bez média  |b n  |2 rdamedia 
338 |a svazek  |b nc  |2 rdacarrier 
500 |a Text Lucie Šimčíková, ilustrace Anastasiia Stolypina 
600 1 7 |a Messi, Lionel,  |d 1987-  |7 hka2011631656  |2 czenas  |9 110414 
648 7 |a 20.-21. století  |7 ch462155  |2 czenas  |9 53009 
650 0 7 |a fotbalisté  |7 ph114579  |y 20.-21. století  |z Argentina  |2 czenas 
650 0 7 |a fotbal  |7 ph114578  |2 czenas 
655 7 |a biografické komiksy  |7 fd1057461  |2 czenas 
655 7 |a publikace pro děti  |7 fd133156  |2 czenas  |9 23 
700 1 |a Stolypina, Anastasiia  |4 ill 
700 1 |a Markytánová, Tereza  |7 xx0329597  |4 trl  |9 116246 
710 2 |a Nakladatelství Slovart  |7 kn20101109023  |4 pbl  |9 117265 
787 0 8 |i Z cyklu:  |t Fotbalové ikony  |g 3 
910 |a UOG502 
942 |2 ddc  |c KN 
999 |d 106208 
993 |0 0  |1 421180106934  |2 ddc  |4 0  |6 796_000000000000000  |7 0  |9 99551  |b 0  |c 106934  |d 2026-04-28  |e 0  |f M  |g 796  |h 299.00  |i Koupě  |l M  |r 2026-04-28  |t 7  |w 2026-04-28  |y KN  |z NAUCNA  |n